Great speeches : (Record no. 55278)

MARC details
000 -LEADER
fixed length control field 01025nam a22002657a 4500
005 - DATE AND TIME OF LATEST TRANSACTION
control field 2011081002342.0
010 ## - LCCN (DPL NO)
LC control number ENG-103484 G-001360
020 ## - INTERNATIONAL STANDARD BOOK NUMBER
International Standard Book Number 8188557854
Terms of availability 125.00
035 ## - SYSTEM CONTROL NUMBER
System control number EN-87017
035 ## - SYSTEM CONTROL NUMBER
System control number G-001360
037 ## - SOURCE OF ACQUISITION
Source of stock number/acquisition DBAD/PUB
037 ## - SOURCE OF ACQUISITION
Source of stock number/acquisition Gift
082 ## - DEWEY DECIMAL CLASSIFICATION NUMBER
Classification number 080
245 ## - TITLE STATEMENT
Title Great speeches :
Statement of responsibility, etc edited by A.P.Sharma [and] B.N.Soni
Remainder of title that changed the shape of the world /
260 ## - PUBLICATION, DISTRIBUTION, ETC. (IMPRINT)
Place of publication, distribution, etc Jaipur
Name of publisher, distributor, etc Rajasthan Prakashan
Date of publication, distribution, etc 2011
270 ## - ADDRESS
Address 28-29,Tripolie Bazar,
City Jaipur
300 ## - PHYSICAL DESCRIPTION
Extent 91p.
Dimensions 22cm (Hb)
Other physical details ill
500 ## - GENERAL NOTE
General note Includes bibliographical references
700 ## - ADDED ENTRY--PERSONAL NAME
Personal name Sharma ,A.P.
9 (RLIN) 32617
700 ## - ADDED ENTRY--PERSONAL NAME
Personal name Soni, B.N.
9 (RLIN) 32618
942 ## - ADDED ENTRY ELEMENTS (KOHA)
Source of classification or shelving scheme Dewey Decimal Classification
Item type English Books
Call number suffix GRE
Classification part 080
Holdings
Withdrawn status Lost status Not for loan Collection code Home library Current library Date acquired Source of acquisition Cost, normal purchase price Full call number Barcode Copy number Cost, replacement price Koha item type
    Not For Loan Non-fiction D.B.Act.Division D.B.Act.Division 11/08/2011 DBAD / PUB 125.00 080 GRE EN-87017 1 125.00 English Books
      Non-fiction Jagrati Enclave Jagrati Enclave 05/09/2011 gift 125.00 080 GRE G-001360 1 125.00 English Books

© Delhi Public Library
Hit Counter
free hit counter